Bundesliga Teams 2025-26 (All Divisions) - Statistics

General Stats
  • This quiz has been taken 169 times
  • The average score is 41 of 56
Answer Stats
Bundesliga % Correct
FC Bayern München
99%
1. FC Köln
98%
Borussia Dortmund
98%
Hamburger SV
97%
Eintracht Frankfurt
95%
1. FC Union Berlin
92%
VfB Stuttgart
92%
1. FC Heidenheim 1846
91%
Bayer 04 Leverkusen
91%
Borussia Mönchengladbach
91%
RB Leipzig
91%
SV Werder Bremen
91%
TSG Hoffenheim
91%
TSG Hoffenheim II
91%
FC Schalke 04
90%
VfB Stuttgart II
89%
Hannover 96
88%
VfL Wolfsburg
88%
Hertha Berlin
87%
FC St. Pauli
85%
FC Augsburg
84%
1. FSV Mainz 05
83%
SC Freiburg
83%
1. FC Nürnberg
82%
Dynamo Dresden
79%
1. FC Kaiserslautern
77%
SpVgg Greuther Fürth
75%
1860 München
74%
Eintracht Braunschweig
74%
Fortuna Düsseldorf
74%
Holstein Kiel
74%
SC Paderborn 07
73%
DSC Arminia Bielefeld
71%
Karlsruher SC
71%
SV Elversberg
71%
VfL Bochum 1848
71%
1. FC Magdeburg
69%
F.C. Hansa Rostock
67%
Rot-Weiss Essen
66%
Preußen Münster
64%
SV Darmstadt 98
63%
MSV Duisburg
61%
SSV Ulm
59%
Alemmania Aachen
57%
Energie Cottbus
57%
SV Waldhof Mannheim
56%
VfL Osnabrück
55%
1. FC Saarbrücken
54%
FC Ingolstadt 04
52%
Erzgebirge Aue
49%
FC Viktoria Köln
43%
SV Wehen Wiesbaden
43%
SSV Jahn Regensburg
42%
SC Verl
38%
1. FC Schweinfurt
34%
TSV Havelse
33%
No matching quizzes found
Score Distribution
Percent of People with Each Score
Percentile by Number Answered
Your Score History
You have not taken this quiz